| 000 | 00871nam a2200229Ia 4500 | ||
|---|---|---|---|
| 999 |
_c52922 _d52922 |
||
| 001 | 19952 | ||
| 003 | GE_BSU | ||
| 005 | 20200520213536.0 | ||
| 008 | 181216s1984||||ge |||||||||||||| ||geo|| | ||
| 040 | _cGE_BSU | ||
| 041 | _ageo | ||
| 080 | _a811.353.1-825=161.1 | ||
| 100 |
_aგოლეთიანი, გ. _98108 |
||
| 245 |
_aქართულ-რუსული სასაუბრო / _cგ. გოლეთიანი ; რედ. ი. ხუციშვილი. |
||
| 264 |
_aთბილისი : _bთბილ. უნ-ტის გამ-ბა, _c1984. |
||
| 300 |
_a176 გვ. ; _c20 სმ. |
||
| 541 | _h2 ლ. | ||
| 653 | _aქართული ენა | ||
| 653 | _aქართულ-რუსული სასაუბრო | ||
| 700 |
_aხუციშვილი, ი. _eრედაქტორი _94472 |
||
| 942 |
_cBK _2udc |
||